00475nam a2200133 i 4500001000300000100002600003245011000029260002100139040000800160041000800168080002700176008004100203856009700244bg1 aCICHOWSKI, Lechosław 0aElementy polityki gospodarczej i reformowanie systemu funkcjonowania polskiej gospodarki /cL. Cichowski. aPoznań,c1990. cBPK apol a338.22(438)"19"(075.8) s pl f |000 0 pol  uhttp://koha.tu.koszalin.pl/cgi-bin/koha/opac-detail.pl?biblionumber=4575yKatalog online BPK